North American Indians and Alaska natives : abstracts of the psychological and behavioral literature, 1967-1994
Αποθηκεύτηκε σε:
| Συγγραφή απο Οργανισμό/Αρχή: | |
|---|---|
| Άλλοι συγγραφείς: | , |
| Μορφή: | Βιβλίο |
| Γλώσσα: | English |
| Δημοσίευση: |
Washington D.C. :
American Psychological Association,
c1995
|
| Σειρά: | Bibliographies in psychology ;
; 15 |
| Θέματα: | |
| Ετικέτες: |
Προσθήκη ετικέτας
Δεν υπάρχουν, Καταχωρήστε ετικέτα πρώτοι!
|
MARC
| LEADER | 00000nam a2200000 i 4500 | ||
|---|---|---|---|
| 001 | 1/90549 | ||
| 008 | 990927s1995 eng d | ||
| 020 | |a 1-55798-311-9 | ||
| 035 | |l 10053156 | ||
| 040 | |a GR-MY-UA |b gre |e aacr | ||
| 041 | 0 | |a eng | |
| 082 | 0 | |a 016.1558497 | |
| 245 | 1 | 0 | |a North American Indians and Alaska natives : |b abstracts of the psychological and behavioral literature, 1967-1994 / |c editors, Joseph E. Trimble, Weldon M. Bagwell |
| 260 | |a Washington D.C. : |b American Psychological Association, |c c1995 | ||
| 300 | |a 272 p. | ||
| 490 | 1 | |a Bibliographies in psychology |v ; 15 | |
| 504 | |a Includes indexes | ||
| 650 | 0 | 0 | |a Indians of North America |x Psychology |x Abstracts. |
| 650 | 0 | 0 | |a Eskimos |x Psychology |x Abstracts. |
| 650 | 0 | 0 | |a Indians of North America |x Psychology |x Bibliography. |
| 650 | 0 | 0 | |a Eskimos |x Psychology |x Bibliography. |
| 700 | 1 | |a Trimble, Joseph E. |4 edt | |
| 700 | 1 | |a Bagwell, Weldon. |4 edt | |
| 710 | 2 | |a American Psychological Association |b PsycINFO Dept. | |
| 830 | 0 | |a Bibliographies in psychology ; |v ; 15 | |
| 852 | |a INST |b LESVOS |e 19990927 |h 016.1558497 NOR |p 005100021569 |q 005100021569 |t REF |y 23 | ||
| 901 | |a BIBL1-2000-1 | ||
| 909 | |a Λ |b 066680 | ||
| 922 | |a 1ΕΛΗ |b 199907 |c ΚΠΣ/ΤΚ |d ΠΑΠΑΣΩΤΗΡΙΟΥ | ||
| 950 | |a 103-1998-07-27 | ||
| 970 | |a ΤΖΑΦΕΡΗ |b ΕΥΑΓΓΕΛΙΑ |z 2000/02/16 | ||